000 00472nam a2200181Ia 4500
001 9352
005 20260306161712.0
008 260306t2016||||xx |||||||||||||| ||spa||
041 _aESP
082 _a378.125
_bA52
100 _aAmaya Guerra, Jesús
_eAUT
245 0 _aEstrategias de aprendizaje para universitarios:
_bun enfoque constructivista
260 _c2016
300 _a207 páginas :
_c24 cm.
650 _aGEN
654 _aCED
942 _cLIB
_dJUS
_fJUS
_2ddc
_n
999 _c9352
_d9352